<?xml version="1.0" encoding="UTF-8"?>
<marc:record xmlns:marc="http://www.loc.gov/MARC21/slim">
   <marc:leader>00000nam a2200000 a 4500</marc:leader>
   <marc:datafield ind1="1" ind2=" " tag="100">
      <marc:subfield code="a">Michaely, Eberhard</marc:subfield>
      <marc:subfield code="4">aut</marc:subfield>
      <marc:subfield code="e">Verfasser/-in</marc:subfield>
   </marc:datafield>
   <marc:datafield ind1="0" ind2="0" tag="245">
      <marc:subfield code="a">Frau Helbing und der verschollene Kapitän</marc:subfield>
   </marc:datafield>
   <marc:datafield ind1="0" ind2="0" tag="245">
      <marc:subfield code="b">Der zweite Fall</marc:subfield>
   </marc:datafield>
   <marc:datafield ind1=" " ind2="1" tag="264">
      <marc:subfield code="b">OKTOPUS bei Kampa</marc:subfield>
      <marc:subfield code="c">2021</marc:subfield>
   </marc:datafield>
   <marc:datafield ind1="1" ind2=" " tag="490">
      <marc:subfield code="a">Frau Helbing</marc:subfield>
   </marc:datafield>
   <marc:datafield ind1="1" ind2=" " tag="520">
      <marc:subfield code="a">Fiete, der alte Seebär! Als Frau Helbing ihre demenziell erkrankte Nachbarin Frau Paulsen im Pflegeheim besucht, begegnet sie dort zufällig einem alten Angelfreund ihres verstorbenen Mannes. Früher ist Fiete Jacobsen von Hamburg aus als Kapitän um die halbe Welt gefahren, jetzt hockt der Arme buchstäblich auf dem Trockenen. »Gift ja nix hier«, beschwert er sich. Dem bringe ich mal eine Portion Labskaus vorbei, sagt sich die pensionierte Fleischereifachverkäuferin. Allerdings eröffnet ihr Fietes Betreuerin Frau Fischer unter geheimnisvollen Andeutungen, Herr Jacobsen werde bald umziehen. Und dann passiert es: Gerade als Frau Helbing das Heim verlässt, stürzt Frau Fischer aus dem Fenster im dritten Stock. Sterbend haucht sie noch ein letztes rätselhaftes Wort: »Morf.« Die passionierte Krimileserin Frau Helbing weiß sofort: Hier liegt ein Verbrechen vor. Als dann auch noch Fiete spurlos verschwindet, steckt Frau Helbing, sehr zum Unmut der Hamburger Polizei, mitten in ihrer zweiten Mordermittlung.</marc:subfield>
   </marc:datafield>
   <marc:datafield ind1=" " ind2=" " tag="020">
      <marc:subfield code="a">9783311300090</marc:subfield>
      <marc:subfield code="9">9783311300090</marc:subfield>
   </marc:datafield>
</marc:record>
